Calculs numeriques et graphiques
Saved in:
| Main Author: | |
|---|---|
| Format: | Book |
| Language: | French |
| Published: |
Paris :
Librairie Armand Colin,
1947
|
| Edition: | 6e ed. |
| Series: | Collection Armand Colin. Section de mathématique ;
; 60 |
| Subjects: | |
| Tags: |
Add Tag
No Tags, Be the first to tag this record!
|
MARC
| LEADER | 00000cam a2200000 i 4500 | ||
|---|---|---|---|
| 001 | 1/7335 | ||
| 008 | 100511s1947 fre d | ||
| 035 | |l 10107825 | ||
| 040 | |a GR-MY-UA |b gre |e aacr | ||
| 041 | 0 | |a fre | |
| 082 | 0 | |a 515.15 |2 (22) | |
| 100 | 1 | |a Gau, Emile. | |
| 245 | 1 | 0 | |a Calculs numeriques et graphiques / |c par Emile Gau |
| 250 | |a 6e ed. | ||
| 260 | |a Paris : |b Librairie Armand Colin, |c 1947 | ||
| 300 | |a vi, 206 σ.; |b εικ.; |c 16 εκ. | ||
| 490 | 1 | |a Collection Armand Colin |v ; 60 | |
| 504 | |a Βιβλιογραφία: σ. [201] | ||
| 650 | 0 | 0 | |a Calculus. |
| 650 | 0 | 0 | |a Graphic methods. |
| 830 | 0 | |a Collection Armand Colin. |p Section de mathématique ; |v ; 60 | |
| 852 | |a INST |b SAMOS |c MAG |e 20100511 |h 515.15 GAU |p 005300031908 |q 005300031908 |t BK |y 0 | ||
| 901 | |a BIBL3-2010-2 | ||
| 909 | |a Σ |b 162294 | ||
| 970 | |a ΣΙΤΖΙΜΗ |b ΓΙΑΣΕΜΗ |z 2010/05/11 | ||